Geography general knowledge #2 - Statistiken

Allgemein
  • Dieses Quiz wurde 100 mal gespielt
  • Das Durchschnittsergebnis liegt bei 14 aus 20
Antwortstatistiken
Hint Antwort % Korrekt
On which continent is Laos located? Asia
98%
What is the longest river in the world? Nile, Amazon
96%
Which country borders both Germany and Italy? Switzerland, Austria
95%
In which country is Mount Everest located? Nepal, China
94%
What river flows through Paris? Seine
88%
Which country is shaped like a boot? Italy
87%
What is the capital of Australia? Canberra
84%
Which European island country has Valletta as its capital? Malta
84%
What is the capital city of Canada? Ottawa
80%
What is the smallest country in the world by land area? Vatican City
80%
Which country borders the most other countries? Russia
69%
Which city lies on the Bosporus Strait? Istanbul
60%
Which country has the largest land area in Africa? Algeria
59%
Which U.S. state is the westernmost? Alaska
54%
What city has the largest population in the world (urban agglomeration)? Tokyo
51%
Which two continents are connected by the Suez Canal? Africa and Asia
46%
Which group of islands belongs to Spain but lies off the coast of Africa? Canary Islands
40%
In which country is the Atacama Desert located? Chile
38%
Which sea separates Europe from Africa? Mediterranean Sea
38%
What is the largest inland body of water in the world by surface area? Caspian Sea
22%
Keine übereinstimmenden Quizze gefunden
Verteilung der Resultate
Anzahl Personen mit jedem Resultat
Perzentil nach korrekt beantworteten Fragen
Ihre Resultats-Entwicklung
Sie haben dieses Quiz noch nicht gespielt